00918nam a2200229 i 4500003000900000005001700009007000300026008004100029040003000070041000800100082001800108100005500126245017400181264004300355300005800398336002700456337003300483338002800516700004300544700004700587710005400634DO-SdBNP20250723110024.0ta250723s1986 dr ao 000 0 spa d aDO-SdBNPbspacBNPHUerda aspa axxxbL8642221 aLópez Tuero, J.eautor4aut.qJuan López Tuero10aManual práctico del criador de cerdos : bsu cría y explotación en Rep. Dominicana / cJ. López Tuero, J. López Rosario ; presentación, Radhamés Silverio 1aSanto Domingo :bImpresos CIAC,c1986. a152 páginas :bilustraciones, fotografíasc21 cm. atextobtxt2rdacontent asin mediaciónbn2rdamedia avolumenbnc2rdacarrier1 aLópez Rosario, J. eprólogo4pr. 1 aSilverio, Radhamés epresentación4pr. aCentro de Investigación y Apoyo Cultural -CIAC-